000 00935nam0a22002531 4500
001 rc\201064
005 20030307114003.2
010 _a5-02-012010-3
_91500
035 _a(NLR Aleph) 005454145
090 _a4888829
_c4888829
100 _a20030307d1991 u |0rusy50 ca
101 0 _arus
102 _aRU
105 _ay |||||||||
200 1 _aКадровое обеспечение научно-технического прогресса
_fОтв. ред. К.И. Таксир
_gАН СССР. Комис. по изуч. производ. сил и природ. ресурсов
210 _aМ.
_cНаука
_d1991
215 _a122, [2] с.
_d21
700 1 _aТимощук
_bЛ. А.
_gЛюдмила Александровна
701 1 _aБаринов
_bВ. А.
_gВладимир Александрович
801 0 _aRU
_bNLR
_gpsbo
801 1 _aRU
_bELAR
_2rusmarc
852 _aNLR
_j90-5/6118
942 _cBOOK
980 _aNB